000
00267nam a22001097a 4500
008
240711b |||||||| |||| 00| 0 eng d
100
_a
Vasvani, Fatehchand
_9
16846
245
_a
Johar Nasru
260
_a
Ajmer:
_b
Sunder Sahitya;
_c
1966.
300
_a
146p.
942
_c
BK
999
_c
39963
_d
39963